1.: Fondo Arci /

Guardat en:
Dades bibliogràfiques
Format: Llibre
Idioma:italià
Publicat: Bologna : Arci, 1978
Etiquetes: Afegir etiqueta
Sense etiquetes, Sigues el primer a etiquetar aquest registre!

MARC

LEADER 00000nam a22000007ib4500
001 IT\ICCU\UBO\1490300
003 ItRI
005 20260115232428.0
008 011108s1978 it |||||| ||||| |||||c
040 |b ita  |c importazione bologna sebina 
041 7 |a ita  |2 ISO-639-2 
245 0 4 |a 1.: Fondo Arci /  |c Centro di documentazione, Roma. 
260 |a Bologna :  |b Arci,  |c 1978 
300 |a 585 p. ;  |c 21 cm. 
773 0 |w IT\ICCU\UBO\1490223  |t Catalogo alfabetico per argomenti del Centro di documentazione. - Bologna  |g 1  |a Centro di documentazione  |0 IT\ICCU\UBOV\571272 
942 |2 ddc  |c BK  |n 0 
952 |0 0  |1 0  |4 0  |6 DOC_017_100000000000000_FON  |7 0  |9 25605  |a BO  |b BO  |d 2026-01-15  |i 4312  |l 0  |o DOC 017.1 FON  |p BO4312  |r 2026-01-15 23:24:28  |w 2026-01-15  |x [Sebina 5] [V. 1]  |y BK  |z V. 1 
999 |c 21730  |d 21730